मानव जीवन एवं योगःएक परिचय (Record no. 5828)

MARC details
000 -LEADER
fixed length control field 01203 a2200217 4500
005 - DATE AND TIME OF LATEST TRANSACTION
control field 20080910124948.0
008 - FIXED-LENGTH DATA ELEMENTS--GENERAL INFORMATION
fixed length control field 080910t xxu||||| |||| 00| 0 hin d
010 ## - LIBRARY OF CONGRESS CONTROL NUMBER
LC control number HIN-80435
020 ## - INTERNATIONAL STANDARD BOOK NUMBER
International Standard Book Number 8172162219
Terms of availability 395.00
035 ## - SYSTEM CONTROL NUMBER
System control number HN-52781
037 ## - SOURCE OF ACQUISITION
Source of stock number/acquisition D.B.Act / pub
082 ## - DEWEY DECIMAL CLASSIFICATION NUMBER
Classification number 613.7046
100 ## - MAIN ENTRY--PERSONAL NAME
Personal name शर्मा, जयप्रकाश
245 ## - TITLE STATEMENT
Title मानव जीवन एवं योगःएक परिचय
Statement of responsibility, etc जयप्रकाश शर्मा
246 ## - VARYING FORM OF TITLE
Title proper/short title Manav Jivan awam Yog
Remainder of title by Jayprakash Shrama
260 ## - PUBLICATION, DISTRIBUTION, ETC. (IMPRINT)
Place of publication, distribution, etc नई दिल्ली
Name of publisher, distributor, etc फ़ैन्ड़ज पब्लिकेशन्ज
Date of publication, distribution, etc 2007
270 ## - ADDRESS
Address 101,4787/23,अंसारी रोड, दरियागंज
City नई दिल्ली
Postal code 110002
Telephone number 23246222, 23246333 मोबाइल नं. 9811197091, 9312220441
Electronic mail address frienpub@yahoo.com
300 ## - PHYSICAL DESCRIPTION
Extent 223पृ
Dimensions 22सेमी (सजिल्द)
942 ## - ADDED ENTRY ELEMENTS (KOHA)
Institution code [OBSOLETE] dpl
Koha item type Hindi Books
Call number prefix 613.7046 / शर्माज
Source of classification or shelving scheme Dewey Decimal Classification
Classification part 613.7046
Call number suffix शर्माज
Holdings
Withdrawn status Lost status Damaged status Not for loan Home library Current library Date acquired Cost, normal purchase price Total Checkouts Full call number Barcode Date last seen Copy number Uniform Resource Identifier Cost, replacement price Price effective from Koha item type
        D.B.Act.Division D.B.Act.Division 10/09/2008 395.00   613.7046 शर्माज HN-52781 15/09/2008 1 6232 395.00 15/09/2008 Hindi Books

© Delhi Public Library
Hit Counter
free hit counter